[Event "Bundesliga 2022-23"]
[Site "Baden-Baden GER"]
[Date "2023.02.03"]
[Round "7.8"]
[Board "4"]
[White "Kasimdzhanov, Rustam"]
[Black "Richter, Nils"]
[Result "1/2-1/2"]
[WhiteTitle "GM"]
[BlackTitle "FM"]
[WhiteElo "2670"]
[BlackElo "2395"]
[WhiteTeam "OSG Baden-Baden"]
[BlackTeam "TSV Schoenaich"]
[WhiteFideId "14200244"]
[BlackFideId "12990809"]
[EventDate "2022.10.22"]

1. d4 Nf6 2. c4 e6 3. Nf3 b6 4. a3 Bb7 5. Bf4 d5 6. cxd5 Nxd5 7. Bg3 Be7 8. e4
Nf6 9. Bb5+ Kf8 10. e5 Ne4 11. Nc3 g5 12. Nxe4 Bxe4 13. Qe2 Bd5 14. h3 Kg7 15.
O-O-O Nc6 16. Kb1 Na5 17. h4 h6 18. hxg5 hxg5 19. Bd3 Nb3 20. Bc2 Bxf3 21. gxf3
Nxd4 22. Qe4 Nxc2 23. Qxc2 Rxh1 24. Rxh1 Qg8 25. f4 Rd8 26. f5 exf5 27. Qxf5 Rd5
28. Ka1 Kf8 29. Qc8+ Kg7 30. Qh3 Kf8 31. Qh6+ Qg7 32. Qc6 Rd8 33. Qxc7 f5 34. f4
g4 35. Qxa7 Bc5 36. Qa6 Qd7 37. Qc4 Qd5 38. Qxd5 Rxd5 39. Rh5 Rd3 40. Rxf5+ Ke8
41. Bh4 g3 42. Rg5 Be7 43. Rxg3 Rd1+ 44. Ka2 Bxh4 45. Rh3 Be7 46. f5 Re1 47. Rh6
Rxe5 48. Rxb6 Rxf5 49. b4 Kd7 50. a4 Kc7 51. a5 Rf3 52. Kb2 Bf6+ 53. Kc2 Bd4 54.
Re6 Rc3+ 55. Kd2 Rb3 56. Re4 Bf6 57. Rc4+ Kb7 58. Kc2 Rb2+ 59. Kd3 Be5 60. Re4
Bd6 61. Kc3 Rb1 62. Kc2 Ra1 63. Kb2 Rh1 64. Kb3 Kc6 65. Rd4 Rg1 66. Ka4 Rc1 67.
Kb3 Ra1 68. Kb2 Re1 69. Kb3 Ra1 1/2-1/2

[Event "Bundesliga 2022-23"]
[Site "Baden-Baden GER"]
[Date "2023.02.03"]
[Round "7.8"]
[Board "5"]
[White "Deuer, Marius"]
[Black "Naiditsch, Arkadij"]
[Result "0-1"]
[WhiteTitle "FM"]
[BlackTitle "GM"]
[WhiteElo "2326"]
[BlackElo "2667"]
[WhiteTeam "TSV Schoenaich"]
[BlackTeam "OSG Baden-Baden"]
[WhiteFideId "16236432"]
[BlackFideId "4650891"]
[EventDate "2022.10.22"]

1. d4 Nf6 2. c4 g6 3. g3 Bg7 4. Bg2 O-O 5. Nc3 d6 6. Nf3 Nbd7 7. O-O e5 8. h3
Re8 9. e4 a6 10. dxe5 dxe5 11. Be3 Bf8 12. Qc2 c6 13. Rfd1 Qc7 14. a3 a5 15. Na4
b6 16. c5 Nxc5 17. Nxc5 bxc5 18. Nd2 Nd7 19. Nb3 Rb8 20. Rac1 a4 21. Nd2 Be7 22.
Bf1 Ra8 23. Nc4 Nf8 24. Qc3 f6 25. Nd2 Ne6 26. Bc4 Kg7 27. Bxe6 Bxe6 28. Kh2 Ra5
29. b3 Rd8 30. Nc4 Rxd1 31. Rxd1 Ra8 32. Rb1 Rb8 33. Rb2 axb3 34. Rxb3 Rxb3 35.
Qxb3 Qc8 36. Qc3 Qa6 37. Nd2 c4 38. Nb1 Qa4 39. Qc1 Qb3 40. Kg2 h5 41. Bh6+ Kf7
42. Be3 g5 43. Kh2 Kg6 44. Kg2 Qd3 45. Nc3 Qd7 46. Kh2 Bxh3 47. a4 Bb4 48. Na2
Ba5 49. Qxc4 Be6 50. Qc5 Be1 51. Nb4 h4 52. Nxc6 Qd1 53. Qf8 hxg3+ 54. Kxg3 Bb4
55. Qe8+ Bf7 56. Qc8 Qg1+ 57. Kf3 Qh1+ 58. Kg3 Qxe4 59. Nxb4 Qxb4 60. Qc2+ Kg7
61. f3 Qh4+ 62. Kg2 Be6 63. Qc7+ Kh6 64. Bf2 Qh3+ 65. Kg1 Qxf3 66. a5 Bh3 0-1

[Event "Bundesliga 2022-23"]
[Site "Baden-Baden GER"]
[Date "2023.02.03"]
[Round "7.8"]
[Board "8"]
[White "Schmider, Niklas"]
[Black "Kocharin, Timur"]
[Result "1-0"]
[WhiteTitle "FM"]
[WhiteElo "2411"]
[BlackElo "2081"]
[WhiteTeam "OSG Baden-Baden"]
[BlackTeam "TSV Schoenaich"]
[WhiteFideId "12993778"]
[BlackFideId "16240936"]
[EventDate "2022.10.22"]

1. d4 Nf6 2. c4 e6 3. Nf3 d5 4. g3 Be7 5. Bg2 O-O 6. Qc2 b6 7. O-O Bb7 8. Ne5
Nbd7 9. Rd1 c6 10. Nc3 Nxe5 11. dxe5 Ng4 12. e4 Bc5 13. Rd2 d4 14. Na4 Nxe5 15.
Nxc5 bxc5 16. f4 Nd7 17. e5 f6 18. exf6 Qxf6 19. Re2 Rae8 20. Bd2 e5 21. Rae1
Re7 22. Qa4 Nb6 23. Qxa7 Nxc4 24. Qxc5 Nxd2 25. Rxd2 Rfe8 26. Rde2 d3 27. Qc4+
Qe6 28. Qxd3 Qxa2 29. Rxe5 Rxe5 30. Rxe5 Qa7+ 31. Kh1 Qa1+ 32. Qf1 Ra8 33. Re8+
Kf7 34. Re1 Qxb2 35. Rb1 Qd4 36. Rxb7+ Kf6 37. Rc7 Ra1 38. Rxc6+ Kf7 39. Rc1
Rxc1 40. Qxc1 h5 41. h4 Qf2 42. Qc7+ Kg8 43. Qd8+ Kh7 44. Be4+ g6 45. Qe7+ Kh8
46. Qf6+ Kg8 47. Bd5+ Kh7 48. Qf7+ Kh6 49. Qf8+ Kh7 50. Qg8+ Kh6 51. Qh8# 1-0

[Event "Bundesliga 2022-23"]
[Site "Baden-Baden GER"]
[Date "2023.02.04"]
[Round "5.1"]
[Board "1"]
[White "Bluebaum, Matthias"]
[Black "Rapport, Richard"]
[Result "0-1"]
[WhiteTitle "GM"]
[BlackTitle "GM"]
[WhiteElo "2647"]
[BlackElo "2754"]
[WhiteTeam "Schachfreunde Deizisau"]
[BlackTeam "OSG Baden-Baden"]
[WhiteFideId "24651516"]
[BlackFideId "738590"]
[EventDate "2022.10.22"]

1. d4 d6 2. Nf3 Nf6 3. c4 g6 4. Nc3 Bg7 5. e4 O-O 6. Be2 e5 7. d5 Na6 8. Be3 Ng4
9. Bg5 f6 10. Bh4 Nh6 11. Nd2 c5 12. g4 Nf7 13. a3 Bh6 14. Qc2 Bd7 15. Nf1 Bf4
16. Ne3 Nc7 17. Ng2 a6 18. b4 g5 19. Bg3 b5 20. bxc5 dxc5 21. f3 bxc4 22. Nxf4
exf4 23. Bf2 Rc8 24. Bxc5 Nxd5 25. Bxf8 Ne3 26. Qd2 Kxf8 27. Rc1 Ne5 28. Qd6+
Kf7 29. Kf2 Be6 30. Qxd8 Rxd8 31. Ra1 Rd2 32. Ra2 Nd3+ 33. Kg1 Nb2 34. h4 Kg6
35. hxg5 fxg5 36. Kh2 Nxg4+ 37. fxg4 f3 38. Re1 Rc2 39. Kg1 Nd3 40. Bxf3 Nxe1
41. Rxc2 Nxc2 42. Kf2 Nxa3 43. e5 Nb5 44. Na4 Kf7 45. Ke3 Ke7 46. Nc5 a5 47. Be2
Nc3 48. Bf3 Bd5 49. Bxd5 Nxd5+ 50. Kd4 Nb6 51. Kc3 h6 52. Kd4 a4 53. Kc3 a3 0-1

[Event "Bundesliga 2022-23"]
[Site "Baden-Baden GER"]
[Date "2023.02.04"]
[Round "5.1"]
[Board "2"]
[White "Vachier-Lagrave, Maxime"]
[Black "Kollars, Dmitrij"]
[Result "1/2-1/2"]
[WhiteTitle "GM"]
[BlackTitle "GM"]
[WhiteElo "2747"]
[BlackElo "2612"]
[WhiteTeam "OSG Baden-Baden"]
[BlackTeam "Schachfreunde Deizisau"]
[WhiteFideId "623539"]
[BlackFideId "12909572"]
[EventDate "2022.10.22"]

1. d4 Nf6 2. c4 e6 3. Nc3 Bb4 4. e3 O-O 5. Bd2 b6 6. Bd3 Bb7 7. Nf3 c5 8. O-O
cxd4 9. exd4 d5 10. cxd5 Nxd5 11. Re1 Nd7 12. Rc1 Rc8 13. Qe2 Be7 14. Ba6 Bxa6
15. Qxa6 Nb4 16. Qb5 Nf6 17. Bg5 a6 18. Qe2 b5 19. a4 bxa4 20. Nxa4 Qa5 21. Nc3
Qf5 22. Bxf6 Bxf6 23. Ne4 Qb5 24. Qxb5 1/2-1/2

[Event "Bundesliga 2022-23"]
[Site "Baden-Baden GER"]
[Date "2023.02.04"]
[Round "5.1"]
[Board "3"]
[White "Heimann, Andreas"]
[Black "Keymer, Vincent"]
[Result "0-1"]
[WhiteTitle "GM"]
[BlackTitle "GM"]
[WhiteElo "2573"]
[BlackElo "2700"]
[WhiteTeam "Schachfreunde Deizisau"]
[BlackTeam "OSG Baden-Baden"]
[WhiteFideId "24624632"]
[BlackFideId "12940690"]
[EventDate "2022.10.22"]

1. d4 Nf6 2. c4 e6 3. Nc3 Bb4 4. e3 O-O 5. Bd3 d5 6. a3 Bxc3+ 7. bxc3 dxc4 8.
Bxc4 c5 9. Ne2 Qc7 10. Bd3 Nc6 11. O-O e5 12. e4 cxd4 13. cxd4 exd4 14. f4 Rd8
15. Ng3 Bg4 16. Qc2 h6 17. h3 Be6 18. e5 Nd5 19. Qe2 Ne3 20. Bxe3 dxe3 21. Qxe3
Qb6 22. Qxb6 axb6 23. Be4 b5 24. Nf5 Bxf5 25. Bxf5 Rd2 26. Rf2 Rxf2 27. Kxf2 Ra4
28. Bd3 b4 29. Bb5 Rxa3 30. Rb1 b3 31. Bc4 Ra4 32. Bxb3 Rxf4+ 33. Kg3 Rb4 34. e6
Kf8 35. exf7 Nd4 36. Ba2 Rxb1 37. Bxb1 Kxf7 38. Kf4 Ke6 39. Ke4 Nb5 40. Ba2+ Kf6
41. Bb3 Nd6+ 42. Kd5 Nf5 43. Ke4 b6 44. Bd1 Nh4 45. g3 Nf5 46. Kf4 g5+ 47. Kf3
b5 48. Kf2 b4 49. Bc2 Nd4 50. Bd3 b3 51. Ke3 Ke5 0-1

[Event "Bundesliga 2022-23"]
[Site "Baden-Baden GER"]
[Date "2023.02.04"]
[Round "5.1"]
[Board "5"]
[White "Dautov, Rustem"]
[Black "Kasimdzhanov, Rustam"]
[Result "1/2-1/2"]
[WhiteTitle "GM"]
[BlackTitle "GM"]
[WhiteElo "2592"]
[BlackElo "2670"]
[WhiteTeam "Schachfreunde Deizisau"]
[BlackTeam "OSG Baden-Baden"]
[WhiteFideId "4623606"]
[BlackFideId "14200244"]
[EventDate "2022.10.22"]

1. d4 Nf6 2. c4 e6 3. Nf3 Bb4+ 4. Bd2 Bxd2+ 5. Qxd2 O-O 6. Nc3 d5 7. e3 Qe7 8.
Rc1 Nbd7 9. Qc2 a6 10. a3 dxc4 11. Bxc4 b5 12. Be2 c5 13. dxc5 Qxc5 14. b4 Qe7
15. Ne4 Bb7 16. Nxf6+ Qxf6 17. O-O Rac8 18. Qd2 Nb6 19. Qd4 Qxd4 20. Nxd4 Bd5
21. Bf3 Bxf3 22. gxf3 Nc4 23. Rc3 e5 24. Nf5 Rcd8 25. e4 g6 26. Ne7+ Kh8 27. Nd5
f5 28. Rd3 g5 29. h3 h5 30. Kg2 Rd7 31. Re1 Rdf7 32. Re2 Kh7 1/2-1/2

[Event "Bundesliga 2022-23"]
[Site "Baden-Baden GER"]
[Date "2023.02.04"]
[Round "5.1"]
[Board "6"]
[White "Naiditsch, Arkadij"]
[Black "Graf, Alexander"]
[Result "1-0"]
[WhiteTitle "GM"]
[BlackTitle "GM"]
[WhiteElo "2667"]
[BlackElo "2558"]
[WhiteTeam "OSG Baden-Baden"]
[BlackTeam "Schachfreunde Deizisau"]
[WhiteFideId "4650891"]
[BlackFideId "4680804"]
[EventDate "2022.10.22"]

1. e4 c5 2. Nf3 e6 3. d4 cxd4 4. Nxd4 Nf6 5. Nc3 d6 6. g4 a6 7. g5 Nfd7 8. h4 b5
9. h5 b4 10. Nce2 Be7 11. Qd2 Bb7 12. Bg2 Nc5 13. Qe3 Nbd7 14. Bd2 d5 15. exd5
Nb6 16. g6 Nxd5 17. gxf7+ Kxf7 18. Qh3 Qb6 19. O-O Rad8 20. c4 Nf6 21. Be3 Rhe8
22. Rad1 Bf8 23. Ng3 Qc7 24. h6 g6 25. b3 Rd7 26. Nf3 Bxf3 27. Bxf3 Red8 28.
Rde1 e5 29. Bg5 Nd3 30. Bxf6 Kxf6 31. Ne4+ Kf7 32. Ng5+ Kg8 33. Bd5+ Rxd5 34.
Qe6+ Kh8 35. cxd5 Rd7 36. Qe8 Kg8 37. Ne6 Qd6 38. Re3 Nf4 39. Nxf8 Rd8 40. Qxe5
Qxf8 41. Rf3 1-0

[Event "Bundesliga 2022-23"]
[Site "Baden-Baden GER"]
[Date "2023.02.04"]
[Round "5.1"]
[Board "7"]
[White "Krasenkow, Michal"]
[Black "Donchenko, Alexander"]
[Result "1/2-1/2"]
[WhiteTitle "GM"]
[BlackTitle "GM"]
[WhiteElo "2550"]
[BlackElo "2646"]
[WhiteTeam "Schachfreunde Deizisau"]
[BlackTeam "OSG Baden-Baden"]
[WhiteFideId "1113100"]
[BlackFideId "24603295"]
[EventDate "2022.10.22"]

1. d4 Nf6 2. c4 e6 3. Nf3 d5 4. Nc3 dxc4 5. Qa4+ c6 6. Qxc4 b5 7. Qd3 a6 8. a4
b4 9. Ne4 Nbd7 10. Nxf6+ Nxf6 11. e4 c5 12. Bg5 Bb7 13. d5 h6 14. Bxf6 Qxf6 15.
e5 Qf4 16. dxe6 fxe6 17. Rd1 Bd5 18. Qg6+ Qf7 19. Qc2 Be7 20. Bc4 O-O 21. O-O
Rad8 22. Bxa6 Bxf3 23. gxf3 Qxf3 24. Qe2 Qh3 25. Rd3 Rxd3 26. Qxd3 Rf3 27. Qg6
Bg5 28. Bc8 Rf6 29. exf6 1/2-1/2

[Event "Bundesliga 2022-23"]
[Site "Baden-Baden GER"]
[Date "2023.02.04"]
[Round "5.1"]
[Board "8"]
[White "Movsesian, Sergei"]
[Black "Kozak, Adam"]
[Result "1/2-1/2"]
[WhiteTitle "GM"]
[BlackTitle "GM"]
[WhiteElo "2619"]
[BlackElo "2516"]
[WhiteTeam "OSG Baden-Baden"]
[BlackTeam "Schachfreunde Deizisau"]
[WhiteFideId "310204"]
[BlackFideId "753246"]
[EventDate "2022.10.22"]

1. e4 e5 2. Nf3 Nc6 3. Bb5 Nf6 4. d3 Bc5 5. c3 O-O 6. O-O d5 7. exd5 Qxd5 8. Bc4
Qd8 9. Nbd2 h6 10. h3 a6 11. a4 Re8 12. b4 Bd6 13. Qe2 Qe7 14. Ne4 Be6 15. Nfd2
Bxc4 16. Nxc4 Qe6 17. Ne3 Ne7 18. Bd2 Rad8 19. Rfd1 Nfd5 20. Nxd5 Nxd5 1/2-1/2

[Event "Bundesliga 2022-23"]
[Site "Baden-Baden GER"]
[Date "2023.02.04"]
[Round "5.2"]
[Board "1"]
[White "Maghsoodloo, Parham"]
[Black "Kadric, Denis"]
[Result "1/2-1/2"]
[WhiteTitle "GM"]
[BlackTitle "GM"]
[WhiteElo "2721"]
[BlackElo "2561"]
[WhiteTeam "FC Bayern Muenchen"]
[BlackTeam "TSV Schoenaich"]
[WhiteFideId "12539929"]
[BlackFideId "14403803"]
[EventDate "2022.10.22"]

1. e4 e5 2. Nf3 Nf6 3. d4 Nxe4 4. Bd3 Nc6 5. Nxe5 Nxe5 6. dxe5 Nc5 7. Bc4 d6 8.
Qf3 Ne6 9. exd6 Bxd6 10. Be3 Bd7 11. Bd5 c6 12. Bb3 O-O 13. Nc3 Be5 14. O-O-O
Qc7 15. Ne4 b6 16. h4 Rae8 17. Ng5 Bc8 18. c3 f6 19. Ne4 Kh8 20. Bc2 c5 21. Kb1
Bb7 22. Qh3 Bc8 23. Qf3 Bb7 24. Qh3 Bc8 25. Qf3 1/2-1/2

[Event "Bundesliga 2022-23"]
[Site "Baden-Baden GER"]
[Date "2023.02.04"]
[Round "5.2"]
[Board "2"]
[White "Ivanisevic, Ivan"]
[Black "Santos Latasa, Jaime"]
[Result "1/2-1/2"]
[WhiteTitle "GM"]
[BlackTitle "GM"]
[WhiteElo "2547"]
[BlackElo "2677"]
[WhiteTeam "TSV Schoenaich"]
[BlackTeam "FC Bayern Muenchen"]
[WhiteFideId "912417"]
[BlackFideId "2293307"]
[EventDate "2022.10.22"]

1. d4 Nf6 2. Bg5 e6 3. Nc3 h6 4. Bxf6 Qxf6 5. Qd3 d5 6. O-O-O Bb4 7. a3 Ba5 8.
e4 Bxc3 9. Qxc3 Qf4+ 10. Kb1 dxe4 11. d5 O-O 12. Bc4 exd5 13. Ne2 Qh4 14. Bxd5
c6 15. Bb3 Nd7 16. Ng3 Nf6 17. Rd4 Re8 18. Qb4 a5 19. Qb6 Qf4 20. Rhd1 a4 21.
Bc4 Qe5 22. Rd8 Bg4 23. Rxa8 Rxa8 24. Rd8+ Rxd8 25. Qxd8+ Kh7 26. Bxf7 b5 27. h3
Be6 28. Bxe6 Qxe6 29. Qd4 h5 30. Qc5 Nd5 31. Nxh5 Qe5 32. Ng3 e3 33. Ne2 Qh5 34.
g4 Qxh3 35. fxe3 Nxe3 36. Ka2 Qf3 37. Qh5+ Kg8 38. Qe8+ Kh7 39. Qh5+ Kg8 1/2-1/2

[Event "Bundesliga 2022-23"]
[Site "Baden-Baden GER"]
[Date "2023.02.04"]
[Round "5.2"]
[Board "3"]
[White "Tabatabaei, M. Amin"]
[Black "Perunovic, Milos"]
[Result "1-0"]
[WhiteTitle "GM"]
[BlackTitle "GM"]
[WhiteElo "2657"]
[BlackElo "2542"]
[WhiteTeam "FC Bayern Muenchen"]
[BlackTeam "TSV Schoenaich"]
[WhiteFideId "12521213"]
[BlackFideId "921629"]
[EventDate "2022.10.22"]

1. e4 c5 2. Nf3 e6 3. d4 cxd4 4. Nxd4 Nf6 5. Nc3 Nc6 6. a3 Be7 7. Be3 O-O 8. Be2
d6 9. Qd3 a6 10. f4 e5 11. Nxc6 bxc6 12. fxe5 dxe5 13. Qxd8 Rxd8 14. Bd3 Rb8 15.
O-O-O h5 16. h3 h4 17. Bg5 Nd5 18. Bxe7 Nxe7 19. Bc4 Rd4 20. Rxd4 exd4 21. Na4
Ng6 22. Rd1 Nf4 23. Rxd4 Be6 24. Bf1 a5 25. Nc5 Kf8 26. Ra4 Ke7 27. Rxa5 1-0

[Event "Bundesliga 2022-23"]
[Site "Baden-Baden GER"]
[Date "2023.02.04"]
[Round "5.2"]
[Board "4"]
[White "Plenca, Julijan"]
[Black "Santos Ruiz, Miguel"]
[Result "0-1"]
[WhiteTitle "IM"]
[BlackTitle "GM"]
[WhiteElo "2447"]
[BlackElo "2580"]
[WhiteTeam "TSV Schoenaich"]
[BlackTeam "FC Bayern Muenchen"]
[WhiteFideId "14508044"]
[BlackFideId "22291482"]
[EventDate "2022.10.22"]

1. e4 c5 2. Nf3 d6 3. d4 cxd4 4. Nxd4 Nf6 5. Nc3 a6 6. g3 e6 7. Bg2 Be7 8. O-O
Qc7 9. Be3 Nbd7 10. a4 Ne5 11. h3 Bd7 12. g4 h6 13. Nce2 g5 14. Ng3 h5 15. Nxh5
Nxh5 16. gxh5 Nc4 17. Qe2 Nxb2 18. c4 Nxa4 19. Rfc1 Nc5 20. Qd2 Rxh5 21. Nb5 Qb8
22. Rd1 Bc6 23. Nxd6+ Bxd6 24. Qxd6 Qxd6 25. Rxd6 Nd7 26. Ra5 Ke7 27. Rd1 f6 28.
Bc1 Ne5 29. c5 Ng6 30. Ra3 Nf4 31. Re3 Rah8 32. Bb2 Nxh3+ 33. Bxh3 Rxh3 34. Rde1
Rh1+ 35. Kg2 R1h2+ 36. Kg1 e5 37. Bc3 R8h4 0-1

[Event "Bundesliga 2022-23"]
[Site "Baden-Baden GER"]
[Date "2023.02.04"]
[Round "5.2"]
[Board "5"]
[White "Dragnev, Valentin"]
[Black "Krassowizkij, Jaroslaw"]
[Result "1/2-1/2"]
[WhiteTitle "GM"]
[BlackTitle "IM"]
[WhiteElo "2544"]
[BlackElo "2439"]
[WhiteTeam "FC Bayern Muenchen"]
[BlackTeam "TSV Schoenaich"]
[WhiteFideId "1634852"]
[BlackFideId "1271703"]
[EventDate "2022.10.22"]

1. e4 e5 2. Nf3 Nc6 3. Bb5 Nf6 4. d3 Bc5 5. Bxc6 dxc6 6. Nbd2 Be6 7. O-O Nd7 8.
Nb3 Bb6 9. Ng5 Bxb3 10. axb3 f6 11. Nf3 Nf8 12. Nd2 Qd7 13. Nc4 Ne6 14. Kh1 O-O
15. f4 exf4 16. Bxf4 f5 17. Nxb6 cxb6 18. Be3 fxe4 19. dxe4 Qxd1 20. Rfxd1 Nc5
21. Bxc5 bxc5 22. Rd7 Rf7 23. Rxf7 Kxf7 24. Kg1 Ke6 25. Kf2 a5 26. Ke3 b5 27.
Rd1 Ra7 28. Rd8 a4 29. bxa4 Rxa4 30. Kd3 Rb4 31. Re8+ Kf7 32. Rc8 Rxb2 33. Rc7+
Kf8 34. Rxc6 c4+ 35. Kc3 Rb1 36. Rc8+ Kf7 37. Rc7+ Kf6 38. e5+ Kxe5 39. Rxg7 h6
40. Rg6 Kd5 41. Kd2 b4 42. Rg8 c3+ 43. Kd3 Rd1+ 44. Ke3 Rg1 45. Kd3 Rd1+ 46. Ke3
Ke5 47. Re8+ Kf6 48. Rf8+ Ke5 1/2-1/2

[Event "Bundesliga 2022-23"]
[Site "Baden-Baden GER"]
[Date "2023.02.04"]
[Round "5.2"]
[Board "6"]
[White "Koelle, Tobias"]
[Black "Bischoff, Klaus"]
[Result "1/2-1/2"]
[WhiteTitle "FM"]
[BlackTitle "GM"]
[WhiteElo "2439"]
[BlackElo "2486"]
[WhiteTeam "TSV Schoenaich"]
[BlackTeam "FC Bayern Muenchen"]
[WhiteFideId "16207378"]
[BlackFideId "4600045"]
[EventDate "2022.10.22"]

1. d4 e6 2. c4 f5 3. g3 Nf6 4. Bg2 Bb4+ 5. Nd2 O-O 6. a3 Bxd2+ 7. Qxd2 d6 8. Nf3
Qe7 9. O-O e5 10. dxe5 dxe5 11. b4 c5 12. Bb2 e4 13. Ne5 Nbd7 14. Nxd7 Bxd7 15.
bxc5 Bc6 16. Qd6 Qf7 17. Bxf6 Qxf6 18. Qxf6 Rxf6 19. Rfd1 Re8 20. f4 Rf7 21.
Rab1 g6 22. e3 Rc7 23. Bf1 Ree7 24. Rd8+ Kg7 25. Kf2 Re8 26. Rd6 Ree7 27. Rd8
Re8 28. Rxe8 Bxe8 29. Ke1 Bd7 30. Kd2 Bc8 31. Rb5 Bd7 32. Rb2 Bc8 33. Rb5 Bd7
34. Rb1 Bc8 35. Rb5 1/2-1/2

[Event "Bundesliga 2022-23"]
[Site "Baden-Baden GER"]
[Date "2023.02.04"]
[Round "5.2"]
[Board "7"]
[White "Kurmann, Oliver"]
[Black "Saric, Ante"]
[Result "1/2-1/2"]
[WhiteTitle "IM"]
[BlackTitle "GM"]
[WhiteElo "2452"]
[BlackElo "2510"]
[WhiteTeam "FC Bayern Muenchen"]
[BlackTeam "TSV Schoenaich"]
[WhiteFideId "1308173"]
[BlackFideId "14506254"]
[EventDate "2022.10.22"]

1. e4 e6 2. d4 d5 3. Nc3 Nf6 4. e5 Nfd7 5. Nce2 c5 6. c3 b5 7. a3 cxd4 8. cxd4
b4 9. a4 Ba6 10. Nf3 Nc6 11. b3 Qb6 12. g3 Be7 13. Be3 O-O 14. Bh3 Na5 15. Rb1
Rac8 16. O-O Rc7 17. Re1 Rfc8 18. Nf4 Nf8 19. Bg2 Ng6 20. Ne2 Bf8 21. h4 Ne7 22.
g4 h5 23. Bh3 hxg4 24. Bxg4 Bxe2 25. Qxe2 Nf5 26. Bxf5 exf5 27. Ng5 Be7 28. Nh3
Qg6+ 29. Kh2 Qg4 30. Qxg4 fxg4 31. Nf4 Bxh4 32. Nxd5 Rd7 33. Nxb4 Rb8 1/2-1/2

[Event "Bundesliga 2022-23"]
[Site "Baden-Baden GER"]
[Date "2023.02.04"]
[Round "5.2"]
[Board "8"]
[White "Plenca, Jadranko"]
[Black "Lokander, Martin"]
[Result "1-0"]
[WhiteTitle "IM"]
[BlackTitle "IM"]
[WhiteElo "2412"]
[BlackElo "2449"]
[WhiteTeam "TSV Schoenaich"]
[BlackTeam "FC Bayern Muenchen"]
[WhiteFideId "14527146"]
[BlackFideId "1709569"]
[EventDate "2022.10.22"]

1. e4 e5 2. Nf3 Nc6 3. Bb5 a6 4. Ba4 Nf6 5. O-O Be7 6. Re1 b5 7. Bb3 O-O 8. d4
d6 9. c3 Bg4 10. Be3 d5 11. exd5 e4 12. dxc6 exf3 13. gxf3 Bh5 14. Bf4 Bd6 15.
Bg3 Qc8 16. Nd2 Qh3 17. Re3 Rfe8 18. Qf1 Qf5 19. Rae1 Bf4 20. Bxf4 Qxf4 21. Qh3
Bg6 22. Qg3 Qh6 23. Qxc7 Rec8 24. Qe5 1-0

[Event "Bundesliga 2022-23"]
[Site "Hamburg GER"]
[Date "2023.02.04"]
[Round "5.3"]
[Board "1"]
[White "Eljanov, Pavel"]
[Black "Nihal, Sarin"]
[Result "1/2-1/2"]
[WhiteTitle "GM"]
[BlackTitle "GM"]
[WhiteElo "2697"]
[BlackElo "2673"]
[WhiteTeam "Muenchener Schachclub 1836"]
[BlackTeam "Hamburger SK"]
[WhiteFideId "14102951"]
[BlackFideId "25092340"]
[EventDate "2022.10.22"]

1. e4 e5 2. Nf3 Nf6 3. d4 Nxe4 4. Bd3 d5 5. Nxe5 Nd7 6. Nc3 Nxe5 7. dxe5 Nxc3 8.
bxc3 Bc5 9. O-O O-O 10. Re1 Qh4 11. Be3 Bxe3 12. Rxe3 Rd8 13. Qd2 c5 14. Rg3 c4
15. Be2 Bf5 16. Re1 Rac8 17. Rg5 Qh6 18. h4 f6 19. exf6 Qxf6 20. Qf4 Qxc3 21.
Rb1 Rf8 22. Rg3 Qf6 23. Rxb7 Bg6 24. Qxf6 Rxf6 25. Bg4 Rd8 26. c3 a6 27. Rc7 Kf8
28. Bf3 Bf7 29. Rg4 Rb8 30. Rd4 Rb1+ 31. Kh2 Rb5 32. Rd2 g6 33. Kg3 h5 34. Bd1
Rb1 1/2-1/2

[Event "Bundesliga 2022-23"]
[Site "Hamburg GER"]
[Date "2023.02.04"]
[Round "5.3"]
[Board "2"]
[White "Svane, Rasmus"]
[Black "Jones, Gawain C B"]
[Result "1-0"]
[WhiteTitle "GM"]
[BlackTitle "GM"]
[WhiteElo "2615"]
[BlackElo "2626"]
[WhiteTeam "Hamburger SK"]
[BlackTeam "Muenchener Schachclub 1836"]
[WhiteFideId "4657101"]
[BlackFideId "409561"]
[EventDate "2022.10.22"]

1. d4 Nf6 2. c4 g6 3. Nc3 d5 4. cxd5 Nxd5 5. e4 Nxc3 6. bxc3 Bg7 7. Nf3 c5 8.
Bb5+ Nc6 9. O-O O-O 10. Be3 Bg4 11. Bxc6 bxc6 12. Rc1 Qa5 13. Qc2 Be6 14. a4
Rab8 15. Rb1 Qa6 16. Rfc1 Rxb1 17. Rxb1 Bc4 18. Ne1 Rd8 19. h3 Qc8 20. Nf3 Qa6
21. dxc5 Be2 22. Re1 Bxf3 23. gxf3 h5 24. Kg2 Bf6 25. Rd1 Rxd1 26. Qxd1 Qc8 27.
Qd3 Be5 28. f4 Bc7 29. f5 gxf5 30. exf5 Be5 31. Qe4 Bxc3 32. Qxe7 Qxf5 33. Qe8+
Kh7 34. Qxc6 Bf6 35. Qb7 Qg6+ 36. Kf3 Qf5+ 37. Kg2 Qg6+ 38. Kh1 Be5 39. Qd5 Qf5
40. Kg2 Qg6+ 41. Kf3 Qf5+ 42. Ke2 Kg7 43. Bd2 Qf6 44. c6 Bf4 45. Bxf4 Qxf4 46.
Qc5 Qxa4 47. c7 Qe4+ 48. Kd2 Qf4+ 49. Kc2 Qe4+ 50. Kc3 Qe1+ 51. Kc4 Qe2+ 52. Kb4
Qb2+ 53. Ka5 Qa2+ 54. Kb5 Qe2+ 55. Kc6 Qa6+ 56. Kd5 Qe6+ 57. Kd4 Qd7+ 58. Kc3
Qxh3+ 59. Kd2 Qd7+ 60. Kc1 Qc8 61. Qg5+ Kh7 62. Qxh5+ Kg8 63. Qg5+ Kh7 64. Qd8 1-0

[Event "Bundesliga 2022-23"]
[Site "Hamburg GER"]
[Date "2023.02.04"]
[Round "5.3"]
[Board "3"]
[White "Saric, Ivan"]
[Black "Mendonca, Leon Luke"]
[Result "1/2-1/2"]
[WhiteTitle "GM"]
[BlackTitle "GM"]
[WhiteElo "2668"]
[BlackElo "2558"]
[WhiteTeam "Muenchener Schachclub 1836"]
[BlackTeam "Hamburger SK"]
[WhiteFideId "14508150"]
[BlackFideId "35028561"]
[EventDate "2022.10.22"]

1. e4 c6 2. d4 d5 3. e5 Bf5 4. Nf3 e6 5. Be2 c5 6. Be3 Qb6 7. Nc3 Nc6 8. Na4
Qa5+ 9. c3 c4 10. b4 Bxb4 11. cxb4 Nxb4 12. Nc5 Nc2+ 13. Kf1 Nxa1 14. Qxa1 Qb5
15. a4 Qb1+ 16. Qxb1 Bxb1 17. Ke1 Ne7 18. Kd2 Bg6 19. Nh4 O-O-O 20. Bg5 Nc6 21.
Bxd8 Rxd8 22. Kc3 a5 23. Nxg6 hxg6 24. Rb1 Nb4 25. Bxc4 dxc4 26. Kxc4 Nc6 27.
Nxb7 Rxd4+ 28. Kc3 Rb4 29. Nd6+ Kc7 30. Rxb4 axb4+ 31. Kb3 Nxe5 32. Ne4 Nc6 33.
Ng5 Kb6 34. Nxf7 Ka5 35. Ng5 Nd4+ 36. Kc4 e5 37. f4 Nc6 38. fxe5 Nxe5+ 39. Kb3
Nd3 40. Ne6 Nc1+ 41. Kc2 Ne2 42. Nc5 Kb6 43. Nb3 Nc3 44. Kd3 Nxa4 45. Kc4 Kc6
46. Kxb4 Nb6 47. Kc3 Kd5 48. Kd3 1/2-1/2